History Quiz

Random History or War Quiz

Famous Military Leaders by Nickname Quiz Stats

Quiz Updated Mar 21, 2015

Challenge
Share
Tweet
Embed
Score 0/25 Timer 08:00
0 Plays Today
Nickname Real Name % Correct
'Ike'Dwight D. Eisenhower
94.2%
'Stonewall'Thomas Jackson
89.9%
'The Lionheart'Richard I
89%
'The Great Khan'Genghis Khan
73.5%
'The Desert Fox'Erwin Rommel
73.5%
'The Little Corporal'Napoleon Bonaparte
71%
'Stormin' __________'Norman Schwarzkopf
69.4%
'Old Hickory'Andrew Jackson
68.1%
'The Conqueror' and 'The Bastard'William I
67.7%
'Old Blood and Guts'George S. Patton
65.3%
'Monty'Bernard Montgomery
58.5%
'The Great'Alexander
57.4%
'Dugout Doug'Douglas MacArthur
56.8%
Nickname Real Name % Correct
'Iron Butt' and 'Ringlets'George Armstrong Custer
48.6%
'Cump' and 'Uncle Billy'William Tecumseh Sherman
42.2%
'Old Tippecanoe'William Henry Harrison
38.3%
'Africanus'Publius Cornelius Scipio Africanus
32%
'Black Jack'John J. Pershing
31.2%
'The Red Baron'Manfred von Richthofen
29.1%
'The Scourge of God'Attila the Hun
29.1%
'The Hammer of the Scots'Edward I
25.4%
'The Bulgar-Burner' and 'The Hard Ruler'Harald Hardrada
24.5%
'The Napoleon of the West'Antonio López de Santa Anna
24.5%
'Rough and Ready'Zachary Taylor
23.8%
'The Black Prince'Edward of Woodstock, Prince of Wales
22.4%

You're not logged in!

Compare scores with friends on all Sporcle quizzes.
Join for Free
OR
Log In

You Might Also Like...

Show Comments

Extras

Top Quizzes Today


Score Distribution

Your Account Isn't Verified!

In order to create a playlist on Sporcle, you need to verify the email address you used during registration. Go to your Sporcle Settings to finish the process.

Report this User

Report this user for behavior that violates our Community Guidelines.

Details: